000 00541nam a22001937a 4500
942 _cBK
999 _c836
_d836
005 20250420134826.0
008 230820b ||||| |||| 00| 0 eng d
020 _a9780593056974
040 _cKCST
082 _a523.1
_bHa Br
100 _aHawking, Stephen
_d1942-2018;
_95768
245 _aA briefer history of time /
_cHawking, Stephen,
260 _aNew York;
_bBantam Books;
_c2005
300 _a xi, 162 p. :
_bills. (col.) ; 24 cm.
650 _aCosmology
_93589
700 _aMlodinow, Leonard
_95769
942 _2ddc